Teoretické, metodologické a aplikačné aspekty účtovníctva po vstupe Slovenskej republiky do Európskej únie záverečná správa z grantu Ekonomickej univerzity v Bratislave
Gespeichert in:
| 1. Verfasser: | |
|---|---|
| Körperschaft: | |
| Format: | Buch |
| Sprache: | Slowakisch |
| Veröffentlicht: |
Bratislava
2005
|
| Schlagworte: | |
| Tags: |
Keine Tags, Fügen Sie das erste Tag hinzu!
|
MARC
| LEADER | 00000nam$a2200000$$$4500 | ||
|---|---|---|---|
| 001 | 0064690 | ||
| 005 | 20240503085334.0 | ||
| 041 | 0 | |a slo | |
| 044 | |a SK | ||
| 245 | 1 | 0 | |a Teoretické, metodologické a aplikačné aspekty účtovníctva po vstupe Slovenskej republiky do Európskej únie |b záverečná správa z grantu Ekonomickej univerzity v Bratislave |c Zuzana Juhászová |
| 264 | 1 | |a Bratislava |c 2005 | |
| 300 | |a [14] s. | ||
| 610 | 2 | 0 | |a účtovníctvo |
| 100 | 1 | |a Juhászová, Zuzana, 1970- | |
| 710 | 2 | |a Fakulta hospodárskej informatiky EU. Katedra účtovníctva | |